Domestic minority recognition and European law the legal background to the Roma's dilemma

Bibliographic Details
Main Author: Taylor, Isabel (Author)
Format: Book
Language:English
German
PhysicalDescription:169 s. 21 cm
Published: Hamburg Verlag Dr. Kovač 2013
ISBN:9783830061496
Series:Schriften zu Mittel- und Osteuropa in der Europäischen Integration
Subjects:

MARC

LEADER 00000cam a2200000 a 4500
001 vtls011423991
003 SK-MaSNL
005 20260301135945.0
008 240318s2013 gw f n 000 0 eng
015 |a SNBZSA2016 
020 |a 9783830061496  |q (brož.) 
035 |a urn:nbn:sk:snk-am00b837 
035 |a urn:nbn:sk:snk-am3h8gn 
035 |a D0B8819B-8945-4FA2-8AD7-9D62BAA18A56 
040 |a SNK  |b slo  |c SNK  |e AACR2 
041 0 |a eng  |a ger 
043 |a e------ 
044 |a gw  |c DE 
072 7 |a 316.3  |x Globálne spoločnosti. Sociálna štruktúra. Sociálne skupiny  |2 konspekt 
080 |a 316.022.4  |2 2001 
080 |a 341.171  |2 2001 
080 |a 93/94  |2 2001 
080 |a (=214.58)  |2 2001 
080 |a (4)  |2 2001 
080 |a (048.8)  |2 2001 
100 1 |a Taylor, Isabel  |4 aut  |9 492005 
245 1 0 |a Domestic minority recognition and European law  |b the legal background to the Roma's dilemma  |c Isabel Taylor 
260 |a Hamburg  |b Verlag Dr. Kovač  |c 2013 
300 |a 169 s.  |c 21 cm 
490 1 |a Schriften zu Mittel- und Osteuropa in der Europäischen Integration ;  |v Band 12 
504 |a Bibliogr.: s. 157-165 ; bibliogr. odkazy 
546 |a Čiastočný text nem. 
650 0 7 |a menšiny  |2 SNKPH  |9 2681 
650 0 7 |a európske právo  |2 SNKPH  |9 4431 
650 0 7 |a Rómovia  |2 SNKPH  |9 1702 
650 0 7 |a dejiny  |2 SNKPH  |9 3825 
650 0 7 |a Minorities  |2 SNKPHeng  |9 273197 
650 0 7 |a European law  |2 SNKPHeng  |9 270889 
650 0 7 |a Romanies  |2 SNKPHeng  |9 302857 
650 0 7 |a History  |2 SNKPHeng  |9 265139 
651 7 |a Európa  |2 SNKPH  |9 167569 
651 7 |a Europe  |2 SNKPHeng  |9 56249 
655 7 |a štúdie  |2 SNKPH  |9 57033 
655 7 |a Studies  |2 SNKPHeng  |9 265573 
830 0 |a Schriften zu Mittel- und Osteuropa in der Europäischen Integration  |9 492006 
919 |a 978-3-8300-6149-6 
958 |a ZS 
958 |a DE 
958 |a NB 
958 |a NM 
958 |a RQ 
999 |c 761985  |d 763915 
952 |a SNK  |b SNK  |y VYP  |7 0  |p 17A1177817  |o snkSC 167117 D1  |i snk2016/2002  |8 4  |g 72.29  |0 0  |1 0  |4 0  |d 2016-01-21  |l 0  |r 2026-02-24 00:07:49  |w 2026-02-24 
952 |a SNK  |b SNK  |y PREZ  |7 0  |p 17A1175182  |o snkSC 167117  |i snk2015/32090  |8 4  |g 70.00  |0 0  |1 0  |4 0  |d 2015-11-24  |f 1  |l 0  |r 2026-02-24 00:07:49  |w 2026-02-24